Escuelas que aprenden y se desarrollan (Registro nro. 1519)

000 -CABECERA
campo de control de longitud fija 01228nam a2200229 4500
005 - FECHA Y HORA DE LA ÚLTIMA TRANSACCIÓN
campo de control 20210601175019.0
008 - DATOS DE LONGITUD FIJA--INFORMACIÓN GENERAL
campo de control de longitud fija 210601s2002 pe |||fr|||| 001 0 spa d
020 ## - NÚMERO INTERNACIONAL ESTÁNDAR DEL LIBRO
ISBN 9972950506
040 ## - FUENTE DE LA CATALOGACIÓN
Centro catalogador/agencia de origen CENDOC CAAAP
Lengua de catalogación spa
Centro/agencia transcriptor CAAAP
041 ## - CÓDIGO DE LENGUA
Código de lengua del texto/banda sonora o título independiente spa
050 ## - SIGNATURA TOPOGRÁFICA DE LA BIBLIOTECA DEL CONGRESO
Número de clasificación C LH 94
Número de documento/Ítem S38
111 1# - ENTRADA PRINCIPAL--NOMBRE DE CONGRESO/REUNIÓN
9 (RLIN) 3185
Nombre de congreso/reunión o jurisdicción como elemento de entrada Seminario Internacional Investigación para una mejor Educación
Sede del congreso/Lugar de la reunión Facultad de Educación. Universidad Peruana Cayetano Heredia. Lima, Perú.
Fecha del congreso/reunión octubre 2001
245 ## - MENCIÓN DE TÍTULO
Título Escuelas que aprenden y se desarrollan
250 ## - MENCIÓN DE EDICIÓN
Mención de edición 1ra ed.
260 ## - PUBLICACIÓN, DISTRIBUCIÓN, ETC.
Lugar de publicación, distribución, etc. Lima:
Nombre del editor, distribuidor, etc. Facultad de Educación. Universidad Peruana Cayetano Heredia,
Fecha de publicación, distribución, etc. 2002
300 ## - DESCRIPCIÓN FÍSICA
Extensión 321 p.
505 ## - NOTA DE CONTENIDO CON FORMATO
Nota de contenido con formato Contiene : Documento base -- Panel inaugural -- Lecciones de la investigación -- Desarrollo de la gestión escolar en el marco de las reformas --Experiencias nacionales y gestión de la educación -- Desarrollo escolar y cambio cultural -- Gobiernos locales y desarrollo de las escuelas -- Lecciones de la experiencia -- Apoyo a la gestión innovadora --Escuelas y formación inicial docente -- Innovación y trabajo en redes.
650 10 - PUNTO DE ACCESO ADICIONAL DE MATERIA--TÉRMINO DE MATERIA
9 (RLIN) 591
Término de materia o nombre geográfico como elemento de entrada Educación
650 20 - PUNTO DE ACCESO ADICIONAL DE MATERIA--TÉRMINO DE MATERIA
9 (RLIN) 957
Término de materia o nombre geográfico como elemento de entrada Política Educativa
650 20 - PUNTO DE ACCESO ADICIONAL DE MATERIA--TÉRMINO DE MATERIA
9 (RLIN) 935
Término de materia o nombre geográfico como elemento de entrada Investigación y Desarrollo
942 ## - ELEMENTOS PERSONALIZADOS KOHA
Fuente del sistema de clasificación o colocación
Fecha de catalogación 01 - 06 - 21
Tipo de ítem Koha Libros
Existencias
Fuente del sistema de clasificación o colocación Localización permanente Ubicación/localización actual Fecha de adquisición Número de inventario Total de préstamos Signatura LC Fecha visto por última vez Tipo de ítem Koha
  CENTRO DE DOCUMENTACIÓN (CENDOC) CENTRO DE DOCUMENTACIÓN (CENDOC) 06/01/2021 007734   C LH 94 S38 06/01/2021 Libros
Centro de Documentación CAAAP | AV. Manuel González Prada 626, Magdalena del Mar | (51-1) 4615223 Anexo 205 y 209 | cendoc@caaap.org.pe